000 00561nam a2200229Ia 4500
003 OSt
005 20220918175813.0
006 a|||||r|||| 00| 0
007 ta
008 220917b |||||||| |||| 00| 0 eng d
024 _a19,023
037 _cTextual
040 _aARTS
_cARTS
_beng
041 _2eng
_aeng
082 _aO:2N146:11, J5
100 _aThomas Dylan
245 0 _aDoctor and the devils
260 _c1955
650 _aENGLISH LITERATURE
942 _hO:2N146:11, J5
_cTEXL
_2CC
999 _c159053
_d159053